00350nam a2200145Ia 4500003000500000008004100005020001800046040001900064082000700083100004000090245002000130260003400150300000800184546001200192STCL181203s9999 xx 000 0 und d a9780571195077 aSTCLbENcSTCL 222 aKazantzakis, Nikos; Bien, P.A., Tr. 0aReport to Greco bFaber and FaberaLondonc1973 a512 aEnglish